000 01365nam a2200337Ia 4500
001 ebr10433312
003 CaPaEBR
006 m u
007 cr cn|||||||||
008 100218s2010 mau sb 001 0 eng d
010 _z 2010007094
020 _z0861715829 (pbk. : alk. paper)
020 _z9780861715824 (pbk. : alk. paper)
020 _z9780861719372 (ebook)
040 _aCaPaEBR
_cCaPaEBR
035 _a(OCoLC)698589812
050 1 4 _aBQ4570.T5
_bS64 2010eb
100 1 _aSpellmeyer, Kurt.
245 1 0 _aBuddha at the apocalypse
_h[electronic resource] :
_bawakening from a culture of destruction /
_cKurt Spellmeyer ; foreword by Robert A.F. Thurman.
260 _aSomerville, MA :
_bWisdom Publications,
_cc2010.
300 _axiii, 175 p.
504 _aIncludes bibliographical references and index.
533 _aElectronic reproduction.
_bPalo Alto, Calif. :
_cebrary,
_d2011.
_nAvailable via World Wide Web.
_nAccess may be limited to ebrary affiliated libraries.
650 0 _aBuddhism
_xDoctrines.
650 0 _aPhilosophy, Comparative.
650 0 _aTime
_xPhilosophy.
650 0 _aTime
_xReligious aspects
_xBuddhism.
655 7 _aElectronic books.
_2local
710 2 _aebrary, Inc.
856 4 0 _uhttp://site.ebrary.com/lib/rucke/Doc?id=10433312
_zAn electronic book accessible through the World Wide Web; click to view
999 _c147743
_d147743